000 01006cam a2200265 a 4500
999 _c126746
_d126746
001 4487318
003 ARRUPE
005 20170824092045.0
008 970110s1997 mau b 001 0 eng
010 _a 97000623
020 _a1561011304 (acidfree paper)
040 _aDLC
_cDLC
_dDLC
050 0 0 _aBV4501.2
_b.A34 1997
082 0 0 _a248
_221
100 1 _aAllen, Diogenes.
_94418
245 1 0 _aSpiritual theology :
_bthe theology of yesterday for spiritual help today /
_cDiogenes Allen.
260 _aLanham. :
_bCowley Publications,
_cc1997.
300 _a169 p. ;
_c22 cm.
504 _aIncludes bibliographical references and index.
650 0 _aSpiritual life
_xCatholic Church
_935143
650 0 _aSpiritual formation.
_xCatholic Church
_926749
906 _a7
_bcbc
_corignew
_d1
_eocip
_f19
_gy-gencatlg
942 _2lcc
_cMONOGRAPH